000
00332nam a2200133Ia 4500
008
151001s9999||||xx |||||||||||||| ||und||
100
_a
गुरुनाथ धुरी
245
_a
ग्लोरिया
250
_a
1
260
_b
गुरुनाथ धुरी
260
_c
1971
300
_a
124
365
_b
18
999
_c
955606
_d
955603